000 01497namaa2200409uu 4500
001 doab135462
003 oapen
005 20260218110438.0
006 m o d
007 cr|mn|---annan
008 240309s2024 xx |||||o ||| 0|eng d
020 _a9789463720670
020 _a9789463720670
024 7 _a10.5117/9789463720670
_2doi
040 _aoapen
_coapen
_d
041 0 _aeng
042 _adc
720 1 _aImbach, Jessica
_4edt
245 0 0 _aDigital China
_bCreativity and Community in the Sinocybersphere
260 _aAmsterdam
_bAmsterdam University Press
_c2024
300 _a1 online resource (313 p.)
336 _atext
_btxt
_2rdacontent
337 _acomputer
_bc
_2rdamedia
338 _aonline resource
_bcr
_2rdacarrier
506 0 _fUnrestricted online access
_2star
520 _aChina, literature, digital media, art
536 _aUniversität Zürich
540 _aCreative Commons
_fhttps://creativecommons.org/licenses/by-nc-nd/4.0/
_2cc
_uhttps://creativecommons.org/licenses/by-nc-nd/4.0/
546 _aEnglish
650 7 _aElectronic, holographic & video art
_2bicssc
650 7 _aHistory of art / art & design styles
_2bicssc
650 7 _aMedia studies
_2bicssc
720 1 _aImbach, Jessica
_4oth
793 0 _aDOAB Library.
856 _uhttps://docs.google.com/spreadsheets/d/1yKIrdCPDAG_9c22mwoOIO2DOhtj65Wqa/edit?usp=sharing&ouid=106555315294820607512&rtpof=true&sd=true
_yList of Curated E-Books
942 _cE-BOOK
999 _c81112
_d81111